| 000 | 01075nam0a22002771 4500 | ||
|---|---|---|---|
| 001 | rc\3165415 | ||
| 005 | 20250530074740.0 | ||
| 035 | _a(NLR Aleph) 007304992 | ||
| 090 |
_a5750051 _c5750051 |
||
| 100 | _a20120615d1976 |||y0rusy50 ca | ||
| 101 | 0 | _arus | |
| 102 | _aRU | ||
| 105 | _aa z ||||| | ||
| 200 | 1 |
_aОтчет группы советских специалистов сельского хозяйства о поездке в ФРГ (май 1976) _fВсесоюз. объединение "Союзсельхозтехника" Совета Министров СССР |
|
| 210 |
_aМосква _cБ. и. _d1976 |
||
| 215 |
_a81 с. _cил. _d20 |
||
| 300 | _aВ конце текста сост.: А. Ежевский, Н. Момотенко, А. Корсаков [и др.] | ||
| 333 | _aДСП. Экз. № 7 | ||
| 702 | 1 |
_aМомотенко _bН. _4220 |
|
| 702 | 1 |
_aЕжевский _bА. _4220 |
|
| 702 | 1 |
_aКорсаков _bА. _4220 |
|
| 801 | 0 |
_aRU _bNLR _gpsbo |
|
| 801 | 1 |
_aRU _bELAR _2rusmarc |
|
| 852 |
_aNLR _j76-50К/6073 |
||
| 942 | _cBOOK | ||
| 980 | _aNB | ||